| 000 | 00416nam a2200181Ia 4500 | ||
|---|---|---|---|
| 008 | 210210b1925 xxu||||| |||| 00| 0 eng d | ||
| 041 | _aeng | ||
| 082 | _a884/14 | ||
| 100 | _aROY (Pi Si) Ed | ||
| 245 | _aMahAbhArata V: DrONa parva | ||
| 260 |
_aCalcutta _b- _c1925 |
||
| 650 | _aV: | ||
| 650 | _aparva | ||
| 650 | _aMahAbhArata | ||
| 650 | _aDrONa | ||
| 690 | _aSanskrit Purana & Smrithi | ||
| 906 | _a024422 | ||
| 999 |
_c149912 _d149912 |
||